| 000 | 01160nam a2200265 i 4500 | ||
|---|---|---|---|
| 001 | 47973 | ||
| 003 | ES-MaACL | ||
| 005 | 20230906161654.0 | ||
| 007 | t| | ||
| 008 | 931025m18461847sp ||||1| spa d | ||
| 080 | _a94(460)"17" | ||
| 100 | 1 |
_aCoxe, William. _941403 |
|
| 245 | 1 | 0 |
_aEspaña bajo el reinado de la Casa de Borbón _b: / : desde 1700, en que subió al trono Felipe V, hasta la muerte de Carlos III, acaecida en 1788 / _cescrita en inglés por Guillermo Coxe ; y traducida al español con notas, observaciones y un apéndice, por Jacinto de Salas y Quiroga. |
| 260 |
_aMadrid : _bEstablecimiento Tipográfico de D.F. de P. Mellado, editor, _c1846-1847. |
||
| 300 |
_a4 v. ; _c17 cm. |
||
| 490 | 1 | _aBiblioteca popular | |
| 505 | 8 | _aBibliografía de mss. : p. IX-XII | |
| 651 | 4 |
_aEspaña- _xHistoria- _yS.XVIII. _98359 |
|
| 700 | 1 |
_aSalas y Quiroga, Jacinto de. _9101780 |
|
| 830 | 0 |
_aBiblioteca popular _9181768 |
|
| 852 |
_aES-MaACL _jC-19-22 |
||
| 856 |
_uhttp://bibliotecadigitalhispanica.bne.es:80/webclient/DeliveryManager?pid=1865070&custom_att_2=simple_viewer _zIr a la página |
||
| 999 |
_c47973 _d47973 |
||